000 00523nam a22001697a 4500
003 MACL
005 20160527143733.0
008 160527b xxu||||| |||| 00| 0 eng d
040 _cMACL
041 _aHindi
082 _a891.433 NAG
100 _aनागर, अमृतलाल
_941007
245 _aपीढियां
_cअमृतलाल नागर
260 _aनई दिल्‍ली
_bराजपाल प्रकाशन
_c2001
650 _aIndian Literature
_960213
942 _2ddc
_cHIN
999 _c54123
_d54123